Ensiklopedia Bahasa Melayu.
| Main Author: | |
|---|---|
| Format: | Book |
| Published: |
Selangor:
Dawama,
2008.
|
| Subjects: |
| LEADER | 00414cam a2200145 7i4500 | ||
|---|---|---|---|
| 001 | 0000022531 | ||
| 005 | 20090413090000.0 | ||
| 020 | 0 | 0 | |a 978-983-62-9321-3 |
| 090 | 0 | 0 | |a B 499.28 |b ASM |
| 100 | 1 | 0 | |a Asmah Haji Omar, Dato' |
| 245 | 1 | 0 | |a Ensiklopedia Bahasa Melayu. |
| 260 | 0 | 0 | |a Selangor: |b Dawama, |c 2008. |
| 300 | # | # | |a 300 p. |
| 650 | 0 | 0 | |a Malay language -- |x Encyclopedias |
| 999 | |a 0000023845 |b Book |c Book |e Business Information Centre | ||


